000 01109cam a2200361 a 4500
001 12347938
003 OSt
005 20140310181910.0
008 010315s2000 nyua 000 0 eng d
010 _a 2001267166
020 _a0789472872
035 _a(OCoLC)ocm46449894
040 _aISO
_cISO
_dDLC
042 _alccopycat
050 0 0 _aT 385
_b.W337 2000
082 0 0 _aTR 004.02E
_221
_bW33 2000
100 1 _aWatson, John,
_d1946 Apr. 5-
245 1 0 _aDrawing with Word /
_cJohn Watson.
260 _aNew York :
_bDorling Kindersley,
_cc2000.
300 _a72 p. :
_bcol. ill. ;
_c18 cm.
440 0 _aEssential computers.
_pWord processing
500 _aIncludes Index.
520 _a1. Microsoft Word. 2. Computer graphics.
521 _aFaculty
541 _j1
562 _e1
630 0 0 _aMicrosoft Word.
650 0 _aComputer graphics.
830 0 _aEssential computers.
_pWord processing.
906 _a7
_bcbc
_ccopycat
_d2
_encip
_f20
_gy-gencatlg
942 _2lcc
_cBK-TR
_kTR
999 _c6464
_d6464